000 00354nam a2200133Ia 4500
005 20260328101444.0
008 260328s9999||||xx |||||||||||||| ||und||
100 _aDiamonstein, Barbarelee
245 0 _aDiálogo con la Arquitectura :
_b USA /
_cBarbarelee Diamonstein
260 _bGustavo Gili
300 _a217 p.
650 _aARQUITECTOS
942 _cBK
999 _c8401
_d8401